|
|
|
|
| LEADER |
00000nam0a2200000 4500 |
| 001 |
82688 |
| 005 |
20231031095827.0 |
| 035 |
|
|
|a (RuTPU)RU\TPU\book\88863
|
| 090 |
|
|
|a 82688
|
| 100 |
|
|
|a 20051005d1980 m y0rusy50 ca
|
| 101 |
0 |
|
|a rus
|a fre
|
| 102 |
|
|
|a RU
|
| 105 |
|
|
|a y e 000zy
|
| 200 |
1 |
|
|a Русско-французский политехнический словарь
|e около 110 000 терминов
|f под ред. Л. Б. Васильева, Г. В. Гаровникова, Н. З. Тремасова
|
| 205 |
|
|
|a 2-е изд., стер.
|
| 210 |
|
|
|a Москва
|c Русский язык
|d 1980
|
| 215 |
|
|
|a 800 с.
|
| 610 |
1 |
|
|a лингвистика
|
| 610 |
1 |
|
|a языкознание
|
| 610 |
1 |
|
|a французский язык
|
| 610 |
1 |
|
|a техника
|
| 610 |
1 |
|
|a термины
|
| 610 |
1 |
|
|a русско-французкие словари
|
| 610 |
1 |
|
|a словари
|
| 686 |
|
|
|a Ш147.1
|v LBC/SL-A
|2 rubbk
|
| 702 |
|
1 |
|a Васильев
|b Л. Б.
|4 340
|
| 702 |
|
1 |
|a Гаровников
|b Г. В.
|4 340
|
| 702 |
|
1 |
|a Тремасов
|b Н. З.
|4 340
|
| 801 |
|
1 |
|a RU
|b 63413507
|c 20051005
|g PSBO
|
| 801 |
|
2 |
|a RU
|b 63413507
|c 20101124
|g RCR
|
| 942 |
|
|
|c BK
|